00626nam a2200133 a 4500008004100000020001800041050002500059110007700084245013000161260009300291300003000384650003800414650004000452200114s2017 ||||||||||||||||| || u a9789211284065 aUNESCWA(02)2017-18/5 aUnited Nations Economic and Social Commission for Western Asia (UNESCWA)10aSurvey of economic and social developments in the Arab regioncUnited nations economic and social commission for western Asia aBeirut:bUnited Nations Economic and Social Commission for Western Asia (UN-ESCWA)c2017 a143 pages.: illustrations 0aARAB COUNTRIES--SOCIAL CONDITIONS 0aARAB COUNTRIES--ECONOMIC CONDITIONS